| 000 | 00822nam a22002777a 4500 | ||
|---|---|---|---|
| 001 | 9116 | ||
| 003 | FISKH | ||
| 005 | 20251124092756.0 | ||
| 008 | 251124b cb ||||| |||| 00| 0 eng d | ||
| 020 | _a9780307995094 | ||
| 040 |
_aFISKH _beng _cFISKH _dFISKH |
||
| 050 | _aPZ7 | ||
| 082 | _a813.6 | ||
| 100 |
_aPosner, Andrea _eAuthor |
||
| 245 |
_aA frosty day / _cBy Andrea Posner ; Illustrated by Tammie Lyon |
||
| 260 |
_aNew York : _bGolden Books , _c2000 |
||
| 300 |
_a14 unnumbered pages : _bcolor illustrations ; _c21 cm |
||
| 505 | _aE | ||
| 520 | _aStewart Snowman throws a colorful party for Snowville. | ||
| 521 | 8 |
_a200
_bLexile estimate |
|
| 521 | 8 |
_aE
_bRaz-Plus |
|
| 650 |
_aChildren's literature _vChristmas |
||
| 700 |
_aLyon, Tammie _eIllustrator |
||
| 942 |
_2ddc _cBK _n0 |
||
| 999 |
_c9116 _d9116 |
||